00471nam a2200157Ia 450000500170000000800460001703700180006304000200008104100130010108400250011410000180013924500940015726000090025130000100026054600430027020250508164859.0008 250505s9999 xx 000 0 hin d aDissertations aFEDLbengcFEDL ahin2eng a375.33, RAJ/DIqFEDL aRajveer Singh 0aUcchtar madhyamik ster per arthsastra ke naye va purane patthyakaram ka tulnatmak addhyan c2004 a164p. aM. Ed. Dissertation (Delhi University)